Accounting for management decisions
| Main Authors: | , |
|---|---|
| Format: | Book |
| Published: |
London :
Prentice-Hall International ,
c1983
|
| Subjects: |
MARC
| LEADER | 00000cam a2200000 7i4500 | ||
|---|---|---|---|
| 001 | 0000005179 | ||
| 005 | 20030309093000.0 | ||
| 008 | 021118s1983 | ||
| 020 | |a 0130019828 | ||
| 090 | 0 | 0 | |a HF5635 |b .A75 1983 |
| 100 | 0 | |a Arnold, John , |e author | |
| 245 | 1 | 0 | |a Accounting for management decisions |c John Arnold and Tony Hope |
| 260 | 2 | |a London : |b Prentice-Hall International , |c c1983 | |
| 300 | |a xiv, 336 p. ; |c 23 cm. | ||
| 500 | |a Includes index | ||
| 650 | 0 | |a Managerial accounting | |
| 700 | 1 | |a Hope, Tony , |e author | |
| 999 | |a 1000014011 |b Book |c OPEN SHELF (30 DAYS) |e Gong Badak Campus | ||